Diccionario de sinónimos : (Registro nro. 10456)

Detalles MARC
000 -LEADER
fixed length control field 01196nam a22003377a 4500
001 - CONTROL NUMBER
control field 0074
003 - CONTROL NUMBER IDENTIFIER
control field DO-SdBNP
005 - DATE AND TIME OF LATEST TRANSACTION
control field 20170914143836.0
007 - PHYSICAL DESCRIPTION FIXED FIELD--GENERAL INFORMATION
fixed length control field 0074
008 - FIXED-LENGTH DATA ELEMENTS--GENERAL INFORMATION
fixed length control field 150930b sp 2007 |||| |||| 00| 0 spa d
020 ## - INTERNATIONAL STANDARD BOOK NUMBER
International Standard Book Number 8482592904
040 ## - CATALOGING SOURCE
Original cataloging agency BPMSU
Language of cataloging spa
Transcribing agency BPMSU
082 #4 - DEWEY DECIMAL CLASSIFICATION NUMBER
Classification number R 463.1
Item number D545s
245 00 - TITLE STATEMENT
Title Diccionario de sinónimos :
Remainder of title sinónimos y antónimos, sinónimos en inglés, locuciones latinas y extranjeras, gramática española, palabras en desuso /
Statement of responsibility, etc. textos María Luisa Díaz ... [et al.] ; coordinación María Dolores Mascasas
Medium
260 ## - PUBLICATION, DISTRIBUTION, ETC. (IMPRINT)
Place of publication, distribution, etc. Barcelona :
Name of publisher, distributor, etc. Nauta,
Date of publication, distribution, etc. 2007
300 ## - PHYSICAL DESCRIPTION
Extent 423 p.:
Dimensions 32 cm.
490 1# - SERIES STATEMENT
Series statement Alfa Nauta
650 #4 - SUBJECT ADDED ENTRY--TOPICAL TERM
Topical term or geographic name as entry element ESPAÑOL
General subdivision DICCIONARIOS
-- INGLÉS
650 #4 - SUBJECT ADDED ENTRY--TOPICAL TERM
Topical term or geographic name as entry element ESPAÑOL
General subdivision SINÓNIMOS Y ANTÓNIMOS
Form subdivision DICCIONARIOS
650 #4 - SUBJECT ADDED ENTRY--TOPICAL TERM
Topical term or geographic name as entry element ESPAÑOL
Form subdivision DICCIONARIOS
650 #4 - SUBJECT ADDED ENTRY--TOPICAL TERM
Topical term or geographic name as entry element ESPAÑOL
General subdivision GRAMÁTICA
650 #4 - SUBJECT ADDED ENTRY--TOPICAL TERM
Topical term or geographic name as entry element INGLÉS
General subdivision DICCIONARIOS
-- ESPAÑOL
700 12 - ADDED ENTRY--PERSONAL NAME
Personal name Díaz, Maria Luisa
700 12 - ADDED ENTRY--PERSONAL NAME
Personal name Mascasas, Maria Dolores
830 ## - SERIES ADDED ENTRY--UNIFORM TITLE
Uniform title Alfa Nauta
910 ## - USER-OPTION DATA (OCLC)
User-option data Validado. Control de calidad MFF
942 ## - ADDED ENTRY ELEMENTS (KOHA)
Source of classification or shelving scheme Dewey Decimal Classification
Koha item type Libros
945 ## - LOCAL PROCESSING INFORMATION (OCLC)
a Inventario / 2017 VM
956 ## - LOCAL ELECTRONIC LOCATION AND ACCESS (OCLC)
Host name VMATEO
Access number 10
Compression information 20160621
Path BPMSU
Electronic name 0069
956 ## - LOCAL ELECTRONIC LOCATION AND ACCESS (OCLC)
Host name Validado. Control de calidad MFF
Existencias
Withdrawn status Lost status Source of classification or shelving scheme Damaged status Not for loan Collection code Home library Current library Date acquired Source of acquisition Total Checkouts Full call number Barcode Date last seen Price effective from Koha item type Copy number
    Dewey Decimal Classification     Colección de Referencia General Biblioteca Pública Metropolitana Salomé Ureña Biblioteca Pública Metropolitana Salomé Ureña 06/21/2016 Compra   R 463.1 D545s BPMSU16060265 06/21/2016 06/21/2016 Libros  
    Dewey Decimal Classification     Colección de Referencia General Biblioteca Pública Metropolitana Salomé Ureña Biblioteca Pública Metropolitana Salomé Ureña 10/20/2016 Compra   R 463.1 D545s BPMSU16100292 10/20/2016 10/20/2016 Libros e. 2
    Dewey Decimal Classification     Colección de Referencia General Biblioteca Pública Metropolitana Salomé Ureña Biblioteca Pública Metropolitana Salomé Ureña 10/20/2016 Compra   R 463.1 D545s BPMSU16100293 10/20/2016 10/20/2016 Libros e.3